000 00382cam a22001097a 4500
008 180718b1960 xxu||||| |||| 00| 0 eng d
082 _aT112x5422 M269
245 _aRegional income atlas of Madhya Pradesh
_cby Directorate of Economics and Statistics
260 _a
_bGovernment Central Press
_c1960
300 _a112p
700 _aMadhya Pradesh. Directorate of Economics and Statistics
999 _c496835
_d496835